Crítica de la razón instrumental

Salvato in:
Dettagli Bibliografici
Autore principale: Horkheimer, Max (autor)
Natura: Libro
Lingua:spagnolo
Pubblicazione: Buenos Aires Sur 1969
Edizione:1a. ed
Serie:Estudios Alemanes
Soggetti:
Tags: Aggiungi Tag
Nessun Tag, puoi essere il primo ad aggiungerne!!

MARC

LEADER 00000cam a2200000 a 4500
001 UCD8012
003 CL-VaPUC
008 170422e19690000ag |||||||||||||||||spa|d
082 0 4 |a 142  |b HOR  |2 21 
100 |a Horkheimer, Max  |e autor  |9 402295 
245 1 0 |a Crítica de la razón instrumental 
250 |a 1a. ed 
300 |a 195 p 
942 |c BK 
945 |d 20170422 00:05:00  |a dcastane 
260 |a Buenos Aires  |b Sur  |c 1969 
650 0 |a Filosofía crítica   |9 393212 
650 0 |a Razón   |9 314475 
650 0 |a Lógica  |9 256849 
650 0 |a Justicia   |9 255408 
583 |a last modification  |c 20170422 00:05:00  |k Rodrigo Vera 
490 0 |a Estudios Alemanes 
999 |c 367793  |d 367791 
952 |0 0  |1 0  |3 erb  |4 0  |6 142_000000000000000_HOR_1969  |7 0  |8 A  |9 482873  |a BIBEDU  |b BIBEDU  |i 5389372  |l 1  |o 142 HOR 1969  |p 5389372  |r 2025-04-14  |s 2025-04-07  |w 2019-11-24  |y BK  |z Catalogado en:20170422  |k FIL